00983nam a22002297a 4500001001400000003000900014005001700023008004100040040001300081082001900094100005000113245013800163260008100301300003100382500012100413504004100534650002400575650003800599651002600637700004300663710004700706BD-DhSAU 9278BD-DhSAU20260512111952.0260512b2018 bg a|||| m||| 00| 0 eng d aBD-DhSAU 222a631.4bM56 aISLAM, MD. MESBAHOL eRegistration # 22010021 aEffect of npk and molybdenum on the yield of sunflower (helianthus annuus l.) in madhupur tract soil of bangladesh / bMS thesis  aSher-e-Bangla Agricultural University;bDepartment of Soil Science, ;c2024. aix, 61p. :bill. ;c30 cm. aMS thesis of Department of Soil Science, ;, Faculty of Agriculture. Sher-e-Balgla Agricultural University Dhaka-1207 aIncludes bibliographical reference.  anpk and molybdenum  asunflower (helianthus annuus l.)  amadhupur tract soil  aProf. A. T. M. ShamsuddohaeSuperviser eCo-SuperviseraProf. Dr. Alok Kumar Paul